000
00246nam a22001217a 4500
003
SGT
082
_a
823
_b
KIN
100
_a
KINTON CAROLINE
245
_a
A TANGLED SUMMER
260
_a
U.K
_b
ORION PUB
_c
2007
300
_a
385
942
_2
ddc
_c
BK
999
_c
33537
_d
33537